Social funds : Assessing effectiveness

Đã lưu trong:
Bibliografiske detaljer
Institution som forfatter: World Bank
Format: Bog
Sprog:Undetermined
Udgivet: Washington, D. C. World Bank 2002
Fag:
Tags: Tilføj Tag
Ingen Tags, Vær først til at tagge denne postø!
Thư viện lưu trữ: Trung tâm Học liệu Trường Đại học Cần Thơ
LEADER 00507nam a2200193Ia 4500
001 CTU_62905
008 210402s9999 xx 000 0 und d
082 |a 361.70681 
082 |b W927 
110 |a World Bank 
245 0 |a Social funds : 
245 0 |b Assessing effectiveness 
245 0 |c World Bank 
260 |a Washington, D. C. 
260 |b World Bank 
260 |c 2002 
650 |a Social funds 
904 |i Minh (Nguyên sửa) 
980 |a Trung tâm Học liệu Trường Đại học Cần Thơ